Merriam - Webster 's essential learnesr's English Dictionary (Registro nro. 3939)
[ vista simple ]
| 000 -Cabecera | |
|---|---|
| Campo de control de longitud fija | 00416nam a22001577a 4500 |
| 005 - Fecha y hora de la última transacción | |
| Campo de control | 20250207184716.0 |
| 008 - Elementos de longitud fija--Información general | |
| Campo de control de longitud fija | 150313b2010 xxu||||| |||| 00| 0 spa d |
| 041 ## - Idioma | |
| Código de idioma | Inglés |
| 082 ## - Clasificación Decimal Dewey | |
| Número de clasificación | R 423 M568m |
| 245 ## - Título propiamente dicho | |
| Título | Merriam - Webster 's essential learnesr's English Dictionary |
| 260 ## - Pie de imprenta | |
| Lugar de publicación, distribución, etc. | Estados Unidos |
| Nombre del editor, distribuidor, etc. | Webster |
| Fecha de publicación, distribución, etc. | 2010 |
| 300 ## - Descripción física | |
| Extensión | 1386 páginas |
| 650 ## - Materia general | |
| Temática (materia general) | INGLÉS |
| 650 ## - Materia general | |
| Temática (materia general) | DICCIONARIOS |
| 942 ## - Punto de acceso adicional KOHA | |
| Tipo de ítem KOHA | Referencia |
| Fuente del sistema de clasificación o colocación | Dewey Decimal Classification |
| Signatura completa | Código de barras | Tipo de ítem |
|---|---|---|
| R 423 M568m | 19115 | Referencia |
| R 423 M568m | 19116 | Referencia |